000 00766nam a22001817a 4500
003 OSt
005 20251007160940.0
008 240405b ||||| |||| 00| 0 eng d
040 _c0
082 _aDPer 621.381 Ie21 October 2022 v. 37 n. 10
100 _aHasanpour, Sara.
_eauthor.
_956292
245 _aNew structure of single-switch ultra-high-gain DC/DC converter for renewable energy applications /
_cSara Hasanpour.
260 _aNew York ;
_bThe Institute of Electrical and Electronics Engineers, Inc. ,
_cOctober 2022.
300 _aVolume 37, pages 12715-12728 :
_billustration ;
_c28 cm.
500 _aIEEE Transactions on Power Electronics, v. 37, n. 10, pages 12715-12728, October 2022.
700 _aHasanpour, Sara.
_eauthor.
_956292
942 _2ddc
_cPER
999 _c20074
_d20074